| 000 | 00733nam a22002057a 4500 | ||
|---|---|---|---|
| 005 | 2010072605455.0 | ||
| 010 | _aENG-97043 | ||
| 020 |
_a9788190765558 _c50.00 |
||
| 035 | _aEN-80576 | ||
| 037 | _bDBAD/PUB | ||
| 082 | _a155.9042 | ||
| 100 |
_aJayalakshmi, S. _91448 |
||
| 245 |
_aStress management / _cby S. Jayalakshmi and V. Segar |
||
| 260 |
_aChennai _bAndril Pathippagam _c2008 |
||
| 270 |
_a192, Jagajeevan Ram Salai (Bells Road), Cheppakkam _bChennai _e600005 |
||
| 300 |
_a120p. _c21cm. (pbk) |
||
| 700 |
_aSegar, V. _91449 |
||
| 942 |
_2ddc _cEN _h155.9042 _mJAY |
||
| 999 |
_c37692 _d37692 |
||